How to Find a Job After 50 : From Part-Time to Full-Time, from Career Moves to New Careers /

Збережено в:
Бібліографічні деталі
Автор: Cummings, Betsy (autor)
Формат: Книга
Мова:Іспанська
Опубліковано: Nueva York, EUA : Warner Books, 2005, c2005
Серія:(Business/Career)
Предмети:
Теги: Додати тег
Немає тегів, Будьте першим, хто поставить тег для цього запису!

MARC

LEADER 00000nam^a2200000^a^4500
001 000319578
005 20250624000000.0
008 120313 20052005
009 20260310113446.459
020 |a 0-446-69539-4 
037 |a Acervo ITESO - Biblioteca 
041 |a ESP 
082 |a 331. 394  |b CUM 
100 |a Cummings, Betsy  |e (autor) 
245 1 0 |a How to Find a Job After 50 :  |b From Part-Time to Full-Time, from Career Moves to New Careers /  |c B. Cummings. 
264 4 |a Nueva York, EUA :  |b Warner Books,  |c 2005, c2005 
300 |a XVIII, 201 p. 
336 |a texto  |b txt  |2 rdacontenido 
337 |a sin mediación  |b n  |2 rdamedio 
338 |a volumen  |b nc  |2 rdasoporte 
440 1 |a (Business/Career) 
649 |a XX 
650 |a Adultos Maduros -  |x Condiciones Laborales -  |x Tema Principal 
650 |a Inserción y Reinserción Laboral 
650 |a Mercado de Trabajo 
650 |a Derecho al Trabajo 
650 |a Economía Laboral 
910 |a Fondo General 
920 |a Impresos - Libros 
930 |a Colección General 
905 |a 101 
901 |a 0500206762  |b IT1  |c ACC  |d DT  |i D57067  |u 20250624 
902 |a https://opac.biblio.iteso.mx/vufind/Record/000319578